000 00257nam a22001217a 4500
082 _a494
_bSAR/F
100 _aSHARAN, SHREE
245 _aSRESHT HINDI NIBHANDH
260 _aDELHI
_bCLASS PUBLICATION
300 _a289
650 _aESSAY
_zDELHI
942 _cBK
999 _c4428
_d4428